000 01244cam a22002055a 4500
001 L139831
008 070813s2007 xxkd f s 000 0 eng d
035 _a(Sirsi) u139831
041 0 _aeng
050 0 4 _a333.7 $2 18
110 2 _aSavills Research
_95211
245 0 0 _aResidential development land
_bAugust 2007
_h[electronic resource]
260 _aLondon
_bSavills Research
_c2007
520 _aReports that greenfield land values increased by 4.7% in the first half of 2007. Savills' forecast of 8% growth by the end of the year appears to be on target. House builder confidence fell due to uncertainty in the market and expected further interest rate rises. This may affect land values. Urban values saw only 0.1% growth in the same period. These sites are more vulnerable to developer uncertainty as they already represent higher development costs. Savills' forecast of 1% growth by the end of 2007 may not be reached. Graphs.
590 _aKA
651 4 _aUnited Kingdom
_y
690 _aPROPERTY-RESIDENTIAL PROPERTY-RESIDENTIAL PROPERTY DEVELOPMENT
856 4 0 _uhttps://www.savills.co.uk/Content.aspx?type=Development&contenttype=Research&NodeId=270&id=8589#
_zView the item free of charge at www.savills.co.uk...
942 _n0
999 _c107360
_d107360